000 01030nam a2200277 i 4500
001 106355
003 ES-MaACL
005 20250802063112.0
007 t|
008 061102s1984 fr ||||1| fre d
020 _a2-85802-405-4
080 _a326.1(=96:8.03)"15/17"
100 1 _aTardieu, Jean-Pierre,
_d1944-
_eaut
_9109275
245 1 3 _aLe destin des noirs aux Indes de Castille :
_bXVIe-XVIIIe siècles /
_cJean-Pierre Tardieu
260 _aParis :
_bHarmattan,
_c[1984]
300 _a350 páginas :
_bilustraciones, mapas ;
_c22 cm
490 1 _aRacines du présent
_9232833
504 _aBibliografía: páginas 337-346
650 1 4 _aEsclavos-
_zAmérica española-
_xCondiciones sociales
_912364
650 4 _aEsclavos-
_xComercio
_912365
830 0 _aRacines du présent
_9232833
852 _aES-MaACL
_bR.138965
_cDEPO2
_fBiblioteca Jacinto Martínez Lacalle
_hDonativo Jacinto Martínez Lacalle
_jE-11363
942 _2udc
_cMONOGRAFIA
_n0
999 _c106355
_d106355